Disaster Management Act of Bhutan 2013 (Record no. 9425)
[ view plain ]
| 000 -LEADER | |
|---|---|
| fixed length control field | 00304nam a22001217a 4500 |
| 008 - FIXED-LENGTH DATA ELEMENTS--GENERAL INFORMATION | |
| fixed length control field | 230314b |||||||| |||| 00| 0 eng d |
| 020 ## - INTERNATIONAL STANDARD BOOK NUMBER | |
| International Standard Book Number | 978-99936-27-20-3 |
| 082 ## - DEWEY DECIMAL CLASSIFICATION NUMBER | |
| Classification number | 344.68 |
| 100 ## - MAIN ENTRY--PERSONAL NAME | |
| Personal name | Parliament of Bhutan |
| 245 ## - TITLE STATEMENT | |
| Title | Disaster Management Act of Bhutan 2013 |
| 300 ## - PHYSICAL DESCRIPTION | |
| Extent | 41 p. |
| Dimensions | 21 cm |
| 942 ## - Added entry Elements (Koha) | |
| Source of classification or shelving scheme | Dewey Decimal Classification |
| Withdrawn status | Lost status | Source of classification or shelving scheme | Damaged status | Not for loan | Collection code | Home library | Current library | Shelving location | Date acquired | Serial Enumeration / chronology | Total Checkouts | Full call number | Barcode | Date last seen | Price effective from | Koha item type |
|---|---|---|---|---|---|---|---|---|---|---|---|---|---|---|---|---|
| Dewey Decimal Classification | Main TEST | RTC Library | RTC Library | Main opac | 14/03/2023 | 177250 | 344.68 PAR | 30018575 | 26/05/2025 | 14/03/2023 | Main |